Personnages d'Helluva Boss - Statistiques

Statistiques générales
  • Ce quiz a été pris 208 fois
  • Le résultat moyen est 15 sur 29
Statistiques - réponses
Hint Réponse % Correct
Patron de I.M.P / Ancien clown Blitzo
97%
Spécialiste des armes blanches de I.M.P / Elle vivait dans un ranch Millie
92%
Membre des Goetia qui a un accord très spécial Stolas
92%
Tireur d'élite de I.M.P / Fils d'un mafieux Moxxie
89%
Secrétaire de I.M.P / Fille adoptive du patron Loona
85%
Membre des Goetia colérique et détestable de ce dernier Stella
82%
Version robotisée d'un clown très connu Robo-Fizz
79%
Fille de ces deux Goetia / En a marre de ses parents Octavia
78%
Clown très connu / Vieille connaissance du patron de I.M.P Fizzarolli
76%
Le péché de la luxure lui-même Asmodeus
70%
Le péché de l'avarice lui-même Mammon
63%
Tueur à gages qui a en ligne de mire un certain Goetia Striker
53%
La soeur du patron de I.M.P Barbie
45%
Un des agents de cette organisation Agent 1
43%
Et un autre de la même organisation Agent 2
43%
Le frère de la Goetia colérique et détestable Andrealphus
43%
Le péché de la gourmandise elle-même Beelzebub
41%
Pop star / Ex du patron de I.M.P Verosika Mayday
40%
L'ex du tireur d'élite et de la spécialiste des armes blanches de I.M.P Chaz
37%
Le père du tireur d'élite de I.M.P / le mafieux Crimson
36%
Le père du membre des Goetia ayant un accord très spécial Paimon
35%
Soeur de la ranchière / assassine de l'I.M.P Sallie
28%
Et sa soeur jumelle Glam
27%
Une des concurrentes du clown connu lors du spectacle Glitz
25%
Organisation chassant les démons sur Terre pour prouver leur existence DHORKS
18%
Anges ayant monté un business Chérubins
17%
Homme d'affaires souvent vu dans tous types de commerce Wally Wackford
12%
Le père du patron de I.M.P / Clown Buckzo
10%
Garde du corps de cette dernière Vex
8%
Aucun quiz correspondant
Distribution des résultats
% des personnes avec chaque résultat
Percentile par nombre de réponses
Votre historique - résultats
Vous n’avez pas pris ce quiz